000 00501nam a22001577a 4500
005 20120516124916.0
020 _c00
035 _aB-83878
037 _aDPL
_bENG
100 _aMithani, D.M.
_947181
245 _aInternational economics /
_cby D.M. Mithani
260 _aMumbai
_bHimalaya Publishing House
_c2003
300 _aiv, 449p.
_c22 cms.
942 _2ddc
_cEN
_h337
_mMIT
999 _c66719
_d66719